000 01055nam a2200181 a 4500
008 180906s9999 ||||||||||||||||| || u
050 _aZWMA(05)NL/2017A
110 _aZambia Weights and Measures Agency (ZWMA)
245 1 0 _aZWMA Newsletter
_cby Zambia Weights and Measures Agency [ZWMA]
260 _aLusaka
_bZambia Weights and Measures Agency (ZWMA)
_c
300 _a27 pages : illustrations
650 _aWEIGHTS AND MEASURES--ZAMBIA--PERIODICALS
650 _aZAMBIA WEIGHTS AND MEASURES AGENCY--PERIODICALS
650 _aZAMBIA WEIGHTS AND MEASURES AGENCY (ZWMA)
995 _aSPECIAL COLLECTIONS
_e3688
_FCBU-MAIN LIBRARY (Kitwe)
_jZWMA(05)NL/2017B
_M2
_UAVAILABLE
_WSep 6, 2018
_XZambian Periodical
_yB3688
_ZUniversity Collection
995 _aSPECIAL COLLECTIONS
_e3689
_FCBU-MAIN LIBRARY (Kitwe)
_jZWMA(05)NL/2017C
_M3
_UAVAILABLE
_WSep 6, 2018
_XZambian Periodical
_yB3689
_ZUniversity Collection
995 _aSPECIAL COLLECTIONS
_e3687
_FCBU-MAIN LIBRARY (Kitwe)
_jZWMA(05)NL/2017A
_M1
_UAVAILABLE
_WSep 6, 2018
_XZambian Periodical
_yB3687
_ZUniversity Collection
999 _c83447
_d83447